| 000 | 01386nam a22002537a 4500 | ||
|---|---|---|---|
| 999 |
_c59867 _d59867 |
||
| 003 | Ge_BSU | ||
| 005 | 20230502160641.0 | ||
| 008 | 230502s2007 ge ||||| |||| 00| 0 geo d | ||
| 020 | _a15120716 | ||
| 041 | _ageo | ||
| 080 | _a069.02(479.223) ბ-17 | ||
| 245 |
_aბათუმის არქეოლოგიური მუზეუმი : _bშრომები=Activities=Труды. ტ.4 / _cმთავარი რედ. ამირან კახიძე; რედ. მ. ვიკერსი, მ. ხალვაში, თ. ლომთათიძე, შ. მამულაძე, |
||
| 264 |
_aბათუმი, _c2007. |
||
| 300 |
_a132 გვ.: _bსურ. ; _c29 სმ. |
||
| 504 | _aბიბლიოგრ. თავების ბოლოს | ||
| 653 | _aარქეოლოგია | ||
| 700 |
_aკახიძე, ამირან _eმთავარი რედაქტორი _917925 |
||
| 700 |
_aვიკერსი, მ. _eრედაქტორი _96723 |
||
| 700 |
_a ხალვაში, მ. _eრედაქტორი _917926 |
||
| 700 |
_aლომთათიძე, თ. _eრედაქტორი _917927 |
||
| 700 |
_aმამულაძე, შ. _eრედაქტორი _917928 |
||
| 700 |
_aთავამაიშვილი, გ. _eრედაქტორი _96748 |
||
| 942 |
_2udc _cBK |
||